000 00695nam a2200241Ia 4500
003 OSt
005 20221007075945.0
006 a|||||r|||| 00| 0
007 ta
008 221006b |||||||| |||| 00| 0 eng d
024 _a46,206
037 _cTextual
040 _aFLL
_cFLL
_beng
041 _2eng
_aeng
082 _aZ49G,5, Q8
100 _aMEHTA Deepak Ed.
_9694445
245 0 _aViolence and the quest for justice in south asia
260 _aNew Delhi
_bSAGE Publication India Pvt Ltd India
_c2018
300 _a364p. xii
_ccm.
700 _a ROY Rahul Ed.
_9694446
942 _hZ49G,5, Q8
_cTEXL
_2CC
999 _c1157936
_d1157936